Music Quiz

Random Music or Flags Quiz

You're a Grand Old Flag Quiz Stats

 Plays Quiz Updated Jul 3, 2014

Challenge
Share
Tweet
Embed
Score 0/63 Timer 05:00
1 Play Today
% Correct
★  ★    a   ★ ★ ★
98.9%
★ ★ ★ a ★ ★ ★
98.9%
a
98.8%
★ ★ ★ flag ★ ★ ★
98%
flag
97.8%
flag.
97.8%
★ ★ ★ grand ★ ★ ★
97.5%
★ ★ old ★ ★ ★
97.5%
auld
97.1%
grand
97%
old
97.1%
you
96.8%
★  ★  ★ You're  ★  ★  ★
93.2%
★ ★ you're ★ ★ ★
93.2%
You're
92.2%
the
86.8%
the
86.3%
the
86.3%
the
86.3%
the
86.3%
the
86.3%
the
86.3%
and
85.2%
and
85.2%
and
85.2%
your
84.5%
I
84.1%
★ ★ ★ flying ★ ★ ★
79.6%
★ ★ high ★ ★ ★
79.4%
of
75.3%
of
75.3%
Red,
70.1%
% Correct
White
70%
Blue,
70%
love,
69.5%
land
69.2%
free
68.6%
brave.
67.9%
be
67.5%
in
67.3%
home
67.2%
wave.
64.5%
forever
61.1%
may
59.4%
on
59%
true
57.2%
heart
56.3%
peace
55.7%
Ev'ry
52.7%
beats
51.5%
emblem
51.2%
forgot,
47.8%
eye
46.6%
keep
46.3%
or
44.1%
Should
42.7%
never
42.3%
acquaintance
39.5%
where
38.4%
brag.
37.5%
boast
37.3%
there's
36.1%
'neath
24.6%

You're not logged in!

Compare scores with friends on all Sporcle quizzes.
Join for Free
OR
Log In

You Might Also Like...

Show Comments

Extras

Top Quizzes Today


Score Distribution

Your Account Isn't Verified!

In order to create a playlist on Sporcle, you need to verify the email address you used during registration. Go to your Sporcle Settings to finish the process.

Report this User

Report this user for behavior that violates our Community Guidelines.

Details: